Pilgrimage in India (Record no. 3398)

MARC details
000 -LEADER
fixed length control field 00596nam a2200229 a 4500
020 ## - INTERNATIONAL STANDARD BOOK NUMBER
ISBN
082 00 - DEWEY DECIMAL CLASSIFICATION NUMBER
Classification number 201
Author Cutter KEI
100 ## - MAIN ENTRY--AUTHOR NAME
Author name Keithahn, Ralph Richard
245 ## - TITLE STATEMENT
Title Pilgrimage in India
Sub title an Autobiographical Fragment
260 ## - PUBLICATION, DISTRIBUTION, ETC. (IMPRINT)
Place of publication Bangalore
Name of publisher CISRS
Year of publication 1973
300 ## - PHYSICAL DESCRIPTION
Number of Pages 75p
500 ## - GENERAL NOTE
General note includes index and biblioraphy
505 2# - FORMATTED CONTENTS NOTE
Formatted contents note cisrs social research series no.11
942 ## - ADDED ENTRY ELEMENTS (KOHA)
Koha item type Books
700 1# -
-- Keithahn, Ralph Richard
Holdings
Collection code Home library Current library Date acquired Cost, normal purchase price Full call number Accession Number Koha item type
  Henry Martyn Institute Library Henry Martyn Institute Library 03/19/2007 2.50 201 KEI 06986 Books
                   Copyright © 2026 | Henry Martyn Institute | Hyderabad | TS-500052 | INDIA | Implemented by hmi.edu.in
Hit-Count:

Powered by Koha